000 00455nam a22001577a 4500
005 20251108164711.0
008 250721s1967 xx 000 0 ara d
082 1 4 _a811.2/نور
100 1 _aالقيسي، نوري حمودي
245 1 0 _aشعر خفاف بن ندبة السلمي /
264 1 _aبغداد :
_bمطبعة المعارف،
_c1967.
300 _a203 ص
650 1 7 _aالشعر المخضرم
942 _2ddc
_cBK
999 _c12202
_d12202